Normal view
MARC view
- Huzel, Dieter K
Entry Personal Name
001 - CONTROL NUMBER
- control field: 58995
003 - CONTROL NUMBER IDENTIFIER
- control field: NUST
005 - DATE AND TIME OF LATEST TRANSACTION
- control field: 20210628202240.0
008 - FIXED-LENGTH DATA ELEMENTS
- fixed length control field: 210628|| aca||aabn | a|a d
040 ## - CATALOGING SOURCE
- Original cataloging agency: NUST
- Transcribing agency: NUST
100 ## - HEADING--PERSONAL NAME
- Personal name: Huzel, Dieter K
670 ## - SOURCE DATA FOUND
- Source citation: Work cat.: (NUST): Huzel, Dieter K, Methods to extend mechanical computer life, 1997
